Países en 30 Grados Oeste - Estadísticas

Estadísticas generales
  • Esta prueba ha sido intentada 22 veces
  • La puntuación promedio es 14 de 20
Estadísticas de respuestas
grados país % Correcto
13.18° Gambia
89%
17.76° Malí
89%
12.93° Mauritania
89%
12.46° Senegal
89%
16.68° Sierra Leona
89%
4.62° Cabo Verde
83%
11.83° España
83%
18.50° Liberia
83%
1.09° Portugal
83%
21.39° Côte d'Ivoire
78%
5.43° Islandia
78%
14.91° Guinea
72%
19.52° Irlanda
72%
21.82° Reino Unido
72%
13.30° Guinea-Bissau
67%
4.82° Brasil
61%
21.32° Argelia
56%
Groenlandia
39%
12.90° Sahara Occidental
39%
22.31° Islas Feroe
28%
No se encontraron pruebas coincidentes
Distribución de puntuación
Porcentaje de gente con cada puntuación
Porcentaje por número respondido
Historial de tus puntuaciones
No has intentado esta prueba.